000 00876nam a2200265 u 4500
003 MX-MxUPN
005 20221124151304.0
008 191014s1997 mx r 000 0 spa d
020 _a9688531820
035 _aUPN01000233315
040 _aMX-MxUPN
_bspa
_cMX-MxUPN
050 _aBF637 S8
_bC6.8
100 1 _aCovey, Stephen R.,
_d1932-2012
_932148
240 1 4 _aThe 7 habits of highly effective people.
_lEspañol
245 1 4 _aLos 7 hábitos de la gente altamente efectiva :
_bla revolución ética en la vida cotidiana y en la empresa /
_cStephen R. Covey.
250 _aNueva edición revisada y ampliada.
260 _aMéxico :
_bPaidós,
_cc1997.
300 _a435 páginas
490 0 _aPaidós empresa ;
_v16
650 4 _aÉxito
_xAspectos psicológicos
_9196
650 4 _aCarácter
_96650
905 _aLibro
942 _2lcc
_cLIBRO
999 _c205410
_d205410